| 000 | 00461nam a2200157 i 4500 | ||
|---|---|---|---|
| 001 | 77982 | ||
| 003 | ES-MaACL | ||
| 005 | 20230906173504.0 | ||
| 007 | t| | ||
| 008 | 041008s1947 cu ||||1| spa d | ||
| 100 | 1 |
_aGutiƩrrez Villasante, Luis. _961238 |
|
| 245 | 1 | 3 |
_aEl diablo las carga _b: novela de humor / _cLuis GutiƩrrez Villasante. |
| 260 |
_aLa Habana : _b[s.n., _c1947] ( _fLex) |
||
| 300 |
_a460 p. ; _c20 cm. |
||
| 852 |
_aES-MaACL _jC-4835 _bR.25390 |
||
| 999 |
_c77982 _d77982 |
||